[Event "Mechanics' Summer TNM; G/2 d5"]
[Site "San Francisco"]
[Date "2017.06.06"]
[Round "3.43"]
[White "McCarty-Snead, Tallulah"]
[Black "Scalise, Nicole"]
[Result "0-1"]
[WhiteElo "722"]
[BlackElo "1145"]
[Annotator "Donaldson"]
[PlyCount "31"]
[EventDate "2017.??.??"]

1. d4 d5 2. Nf3 Nc6 3. Nc3 Bf5 4. Bf4 Nb4 5. Rc1 Nxc2+ $2 6. Rxc2 Bxc2 7. Qxc2
e6 8. e4 Qd7 9. Nb5 (9. Ne5 $1) 9... Bb4+ 10. Nd2 e5 11. dxe5 O-O-O 12. Be2 a6
13. Nd4 dxe4 14. h3 $4 (14. N4b3) 14... Qxd4 15. e6 Bc5 (15... Bxd2+ 16. Bxd2
fxe6) 16. Nb3 $4 (16. Be3 $1 {turns the tables.}) 0-1

[Event "Mechanics' Summer TNM; G/2 d5"]
[Site "San Francisco"]
[Date "2017.06.13"]
[Round "4.37"]
[White "McEnroe, Glenn"]
[Black "Baer, Michael Alan"]
[Result "1-0"]
[WhiteElo "1511"]
[BlackElo "1306"]
[PlyCount "79"]
[EventDate "2017.??.??"]

1. e4 c5 2. c3 d5 3. exd5 Qxd5 4. d4 Nc6 5. Nf3 Nf6 6. Be2 e6 7. O-O Be7 8. Re1
O-O 9. Na3 a6 10. Nc4 Qd8 11. Be3 cxd4 12. Nxd4 Nxd4 13. Bxd4 Nd5 14. Bf3 Rb8
15. Bxd5 Qxd5 16. Nb6 Qd8 17. Be5 Qxb6 18. Bxb8 Rd8 19. Qc2 Bd7 20. Bf4 Bc6 21.
Be3 Qb5 22. c4 Qh5 23. h3 Rf8 24. Qe2 Qg6 25. Qg4 Qf6 26. Bd4 Qh6 27. Rad1 Re8
28. c5 Bd5 29. b3 Rc8 30. Rc1 Rd8 31. Be3 Qf6 32. Bd4 Qh6 33. Rc3 Rc8 34. Rg3
g6 35. Be3 Qg7 36. Bd4 Qf8 37. Rc1 Bxc5 38. Rgc3 h5 39. Qe2 b6 40. b4 1-0

[Event "Mechanics' Summer TNM; G/2 d5"]
[Site "San Francisco"]
[Date "2017.05.30"]
[Round "2.38"]
[White "McEnroe, Glenn"]
[Black "Bayaraa, Bilguun"]
[Result "1-0"]
[WhiteElo "1511"]
[BlackElo "1107"]
[Annotator "Donaldson"]
[PlyCount "67"]
[EventDate "2017.??.??"]

1. e4 c5 2. c3 d6 3. Nf3 Nc6 (3... Nf6 4. d3 (4. Be2 Nxe4 (4... e6) 5. Qc2 (5.
Qa4+))) 4. d4 cxd4 5. cxd4 e5 6. Nc3 Qb6 $2 (6... Nf6 7. Bc4 Be7 8. O-O O-O) 7.
Bb5 f6 $2 (7... Bd7 8. Nd5) 8. d5 Bd7 9. dxc6 Bxc6 10. Bxc6+ (10. Be3) 10...
Qxc6 11. Qd5 Qxd5 12. Nxd5 Ne7 13. Nc7+ Kd7 14. Nxa8 Nc6 15. O-O Be7 16. Rd1
Rxa8 17. a3 g5 18. h3 h5 19. g4 hxg4 20. hxg4 Rh8 21. Kg2 Nd8 22. Be3 Ne6 23.
Rh1 Rc8 24. Rac1 Rd8 25. Rc3 Ke8 26. Rhc1 Kf7 27. Rc8 Rd7 28. Ne1 d5 29. exd5
Rxd5 30. f3 Nf4+ 31. Bxf4 exf4 32. R1c2 Rd1 33. Re2 b6 34. Rc7 1-0

[Event "Mechanics' Summer TNM; G/2 d5"]
[Site "San Francisco"]
[Date "2017.06.27"]
[Round "6.18"]
[White "McEnroe, Glenn"]
[Black "Boldi, Ethan Vaugh"]
[Result "0-1"]
[WhiteElo "1511"]
[BlackElo "1852"]
[PlyCount "54"]
[EventDate "2017.??.??"]

1. e4 e6 2. d4 d5 3. e5 c5 4. c3 Nc6 5. Nf3 Qb6 6. Bd3 Bd7 7. O-O cxd4 8. cxd4
Rc8 9. Nbd2 Nb4 10. Nb3 Nxd3 11. Qxd3 Bb5 12. Qd1 Bxf1 13. Qxf1 Bb4 14. Qd3 Ne7
15. a3 Ba5 16. Nxa5 Qxa5 17. b4 Qc7 18. Be3 Qc3 19. Qxc3 Rxc3 20. Bd2 Rc4 21.
Rc1 Rxc1+ 22. Bxc1 O-O 23. Kf1 Rc8 24. Bd2 Rc2 25. Ke1 Ra2 26. Bc1 Nc8 27. Nd2
Nb6 0-1

[Event "Mechanics' Spring TNM; G/2"]
[Site "San Francisco"]
[Date "2017.03.28"]
[Round "3.38"]
[White "McEnroe, Glenn"]
[Black "Boldi, Nicholas Ar"]
[Result "0-1"]
[WhiteElo "1528"]
[BlackElo "1126"]
[PlyCount "156"]
[EventDate "2017.??.??"]

1. e4 e6 2. d4 d5 3. e5 c5 4. c3 Nc6 5. Nf3 Bd7 6. a3 Rc8 7. Be2 c4 8. b4 a6 (
8... cxb3) 9. a4 Be7 10. O-O h6 11. Bf4 Na7 12. Na3 b5 13. axb5 axb5 {Diagram #
} 14. Nc2 {is okay.} (14. Nxc4 $1 {is a lot better!}) 14... Ra8 15. Ra5 Qb8 16.
Qa1 Bd8 17. Ra3 Ne7 18. Qa2 Ng6 19. Bg3 O-O 20. Ra1 Bb6 21. h4 Rc8 22. h5 Nf8
23. Ne3 Bc6 24. Qb1 Be8 25. Bh4 Qb7 26. g4 $2 (26. Qa2) (26. Ng4) 26... Nc6 27.
g5 hxg5 28. Bxg5 Nh7 29. Bf4 Rxa3 30. Rxa3 Ra8 31. Rxa8 Qxa8 32. Kh2 Bd8 33.
Qg1 Kf8 34. h6 g6 35. Ng5 Kg8 36. Nxh7 Kxh7 37. Bg5 Ne7 38. Bf6 Ng8 39. Qg5
Bxf6 40. exf6 Qa2 41. Qg4 Qa8 42. Qh4 Qd8 43. Ng4 Qa8 44. Qg3 Qd8 45. Qh4 Qa8
46. Qg5 Qb8+ 47. Kg2 Qc7 48. f4 Bd7 49. Ne5 Be8 50. Bg4 Qd8 51. f5 exf5 52.
Bxf5 Qxf6 53. Bxg6+ fxg6 54. Qxf6 Nxf6 55. Kf3 Kxh6 56. Ng4+ Nxg4 57. Kxg4 Bd7+
58. Kf4 g5+ 59. Ke5 Bc6 60. Kd6 g4 61. Kxc6 g3 62. Kxb5 g2 63. Kc5 g1=Q 64.
Kxd5 Qg8+ 65. Kc5 Qc8+ 66. Kb5 Qd7+ 67. Kxc4 Qc6+ 68. Kb3 Qd5+ 69. Ka4 Qc4 70.
d5 Qxc3 71. Kb5 Qd4 72. Kc6 Qxb4 73. d6 Qb8 74. Kd7 Kg7 75. Ke7 Qf8+ 76. Kd7
Kf7 77. Kc7 Ke6 78. d7 Qe7 0-1

[Event "Mechanics' Fall TNM; G/2 d5"]
[Site "San Francisco"]
[Date "2017.11.14"]
[Round "4.24"]
[White "McEnroe, Glenn"]
[Black "Clemens, Kristian"]
[Result "0-1"]
[WhiteElo "1500"]
[BlackElo "1938"]
[Annotator "Donaldson"]
[PlyCount "70"]
[EventDate "2017.??.??"]

1. e4 e5 2. Nf3 Nf6 3. Nxe5 d6 4. Nf3 Nxe4 5. Qe2 Qe7 6. d3 Nf6 7. Qxe7+ (7.
Bg5) 7... Bxe7 8. Be2 Nc6 9. Nc3 Nb4 10. Bd1 Bd7 11. a3 Nbd5 12. Nxd5 Nxd5 13.
c4 Nf6 14. O-O Bf5 15. Be2 O-O 16. Bg5 h6 17. Bxf6 Bxf6 18. d4 Rfe8 19. Rfe1
Re7 20. Rad1 Rae8 21. Kf1 Bc2 22. Rd2 Bb3 23. Bd3 Rxe1+ 24. Nxe1 Bg5 25. Re2
Kf8 26. Rxe8+ Kxe8 27. c5 dxc5 28. dxc5 Bf6 29. Bc2 Bc4+ 30. Bd3 Bb3 31. Bc2
Bxc2 32. Nxc2 Bxb2 33. Ke2 Kd7 34. Kd3 Ke6 35. Nd4+ Kd5 0-1

[Event "Mechanics' Spring TNM; G/2"]
[Site "San Francisco"]
[Date "2017.04.11"]
[Round "5.36"]
[White "McEnroe, Glenn"]
[Black "Frank, Robert H"]
[Result "1-0"]
[WhiteElo "1528"]
[BlackElo "1229"]
[Annotator "Donaldson"]
[PlyCount "95"]
[EventDate "2017.??.??"]

1. e4 e5 2. Nf3 Nf6 3. Nxe5 d6 4. Nf3 Nxe4 5. d4 Bf5 6. Bd3 d5 7. c4 Bb4+ 8.
Nbd2 Nxd2 (8... Nxf2 $2 9. Qe2+ Ne4 10. cxd5) 9. Bxd2 Bxd2+ (9... Bxd3 $1 10.
Bxb4 dxc4 $17) 10. Qxd2 Bxd3 11. Qxd3 dxc4 12. Qxc4 Qe7+ 13. Qe2 Qxe2+ 14. Kxe2
O-O 15. Rhe1 Nc6 16. a3 Rad8 17. Rad1 f6 18. Kf1 Rfe8 19. b4 a5 20. b5 Ne7 21.
d5 $2 Kf7 22. b6 cxb6 23. d6 Nc6 24. Rxe8 Rxe8 25. Rb1 Ke6 26. Rxb6 Rb8 27. Nh4
g6 28. Nf3 Kxd6 29. Nd4 Kc7 (29... Re8) 30. Nxc6 bxc6 (30... Re8) 31. Ra6 Kb7 (
31... Re8 32. Rxa5 Kb6 33. Ra4 c5 $17) 32. Rxa5 Ra8 $2 (32... Kb6 33. Ra4 c5)
33. Rxa8 Kxa8 34. Ke2 Kb7 35. Kd3 Kb6 36. Kc4 h5 37. a4 f5 38. f4 h4 39. g3
hxg3 40. hxg3 Ka5 41. Kc5 Kxa4 42. Kxc6 Kb4 43. Kd5 Kc3 44. Ke6 Kd4 45. Kf6 Ke4
46. Kxg6 Kf3 47. Kxf5 Kxg3 48. Kg5 1-0

[Event "Mechanics' Winter TNM; G/2"]
[Site "San Francisco"]
[Date "2017.02.14"]
[Round "7.19"]
[White "McEnroe, Glenn"]
[Black "Kanis, Sierk"]
[Result "0-1"]
[WhiteElo "1528"]
[BlackElo "1948"]
[PlyCount "56"]
[EventDate "2017.??.??"]

1. e4 e5 2. Nf3 Nc6 3. Bb5 a6 4. Ba4 Nf6 5. d3 b5 6. Bb3 Bc5 7. O-O d6 8. c3
O-O 9. h3 h6 10. Re1 Be6 11. Bc2 Ne7 12. Be3 Ng6 13. d4 Ba7 14. dxe5 dxe5 15.
Bxa7 Rxa7 16. Nbd2 c5 17. Nb3 Rd7 18. Qe2 Qc7 19. Qe3 Rc8 20. Rad1 c4 21. Rxd7
Nxd7 22. Nc1 Nc5 23. Rd1 Nf4 24. Qd2 f6 25. Kh2 Qf7 26. g4 Nxh3 27. Kxh3 Qh5+
28. Kg2 Qxg4+ 0-1

[Event "Mechanics' Spring TNM; G/2"]
[Site "San Francisco"]
[Date "2017.04.18"]
[Round "6.26"]
[White "McEnroe, Glenn"]
[Black "Melville, Cailen"]
[Result "1-0"]
[WhiteElo "1528"]
[BlackElo "1745"]
[PlyCount "107"]
[EventDate "2017.??.??"]

1. e4 e6 2. d4 d5 3. e5 c5 4. c3 Qb6 5. Nf3 Nc6 6. Bd3 cxd4 7. cxd4 Bd7 8. O-O
Nxd4 9. Nbd2 Nc6 10. Nb3 Qd8 11. Re1 Be7 12. Be3 b6 13. Rc1 f6 14. Nbd4 Nxe5
15. Nxe5 fxe5 16. Nc6 Bxc6 17. Rxc6 Qd7 18. Qc2 Nf6 19. Rc7 Qd6 20. Bb5+ Kf7
21. a3 Ne4 22. b4 Qd8 23. Rc1 Nd6 24. Ba6 Nc4 25. Rb7 Nd6 26. Rc7 Ne8 27. Rb7
Nf6 28. Bg5 h6 29. Bxf6 gxf6 30. Rc7 f5 31. Qe2 h5 32. Qxe5 Rh6 33. Bc8 Qh8 34.
Qd6 Qf6 35. Rxe7+ Qxe7 36. Rc7 Qxc7 37. Qxc7+ Kf6 38. Qc6 Rxc8 39. Qxc8 Rh7 40.
f4 h4 41. Qd8+ Kg6 42. Qg5+ Kf7 43. Kf2 h3 44. g3 Rh8 45. Ke3 Rc8 46. Qh5+ Ke7
47. Qxh3 Rc3+ 48. Kd4 Rxa3 49. Qh7+ Kd6 50. Qg7 Ra4 51. Qf8+ Kd7 52. Ke5 a5 53.
Qd6+ Kc8 54. Qc6+ 1-0

[Event "Mechanics' Fall TNM; G/2 d5"]
[Site "San Francisco"]
[Date "2017.12.19"]
[Round "9.35"]
[White "McEnroe, Glenn"]
[Black "Olson, David R"]
[Result "1-0"]
[WhiteElo "1500"]
[BlackElo "1400"]
[Annotator "Donaldson"]
[PlyCount "97"]
[EventDate "2017.??.??"]

1. e4 e5 2. Nf3 Nc6 3. Bb5 Nd4 4. Nxd4 exd4 5. O-O c6 6. Bc4 Bc5 $2 {
Diagram [#]} (6... Nf6 7. e5 d5) 7. d3 $2 (7. Bxf7+ $1 Kxf7 8. Qh5+ g6 9. Qxc5
$18) (7. Qh5 d5 8. exd5 Nf6 9. Qe2+ Be7 10. dxc6 O-O $14) 7... Ne7 8. f4 O-O 9.
Nd2 Kh8 10. Nf3 d5 11. exd5 Nxd5 12. Re1 Bg4 13. h3 Bxf3 14. Qxf3 Qh4 15. Bd2
Rad8 16. Re5 Bd6 17. Rh5 Qf6 18. Bxd5 cxd5 19. Rxd5 b6 20. Re1 Bc5 21. Rxd8
Rxd8 22. Qe4 g6 23. Qe5 Kg7 24. Qxf6+ Kxf6 25. g4 h5 26. Kg2 Rd5 27. c4 dxc3
28. Bxc3+ Bd4 29. Re3 Bxc3 30. bxc3 h4 31. Kf3 Ra5 32. Re2 Rc5 33. Rc2 b5 34.
Ke4 b4 35. c4 Ke6 36. d4 f5+ 37. Kf3 Ra5 38. Re2+ Kd6 39. gxf5 gxf5 40. c5+ Kd5
41. Re5+ Kxd4 42. Rxf5 Ra3+ (42... Rxa2) 43. Kg4 Rxa2 44. c6 Rc2 45. Ra5 b3 (
45... Rxc6 46. Rxa7 b3 47. Kxh4 Rb6 48. Ra1 Ke4 49. Kg5 Rb5+ 50. Kg4 b2 51. Rb1
Rb8 $11) 46. Rxa7 b2 $6 (46... Rxc6 $11) 47. Rb7 Kc3 $2 (47... Kd5) 48. c7 Kd2
49. Rxb2 1-0

[Event "Mechanics' Summer TNM; G/2 d5"]
[Site "San Francisco"]
[Date "2017.07.18"]
[Round "8.30"]
[White "McEnroe, Glenn"]
[Black "Otterbach, Renate"]
[Result "0-1"]
[WhiteElo "1511"]
[BlackElo "1142"]
[Annotator "Donaldson"]
[PlyCount "128"]
[EventDate "2017.??.??"]

1. e4 e6 2. d4 d5 3. e5 c5 4. c3 Ne7 5. Nf3 Nd7 6. Bd3 Nf5 7. Bxf5 exf5 8. O-O
Be7 9. Re1 Nb6 10. b3 Be6 11. Be3 c4 12. Nbd2 O-O 13. bxc4 dxc4 14. a4 Nd5 15.
Qc2 f4 16. Nxc4 fxe3 17. Nxe3 Rc8 18. Nd1 Rc6 19. Qb3 Qb6 20. Qxb6 Nxb6 21. a5
Nd5 22. Rb1 Rb8 23. a6 Rxa6 24. c4 Nf4 25. d5 Nxd5 26. cxd5 Bxd5 27. Nd4 Ra4
28. Nb5 Bb4 29. Re3 Bd2 30. Re2 Rb4 31. Rxd2 Rxb1 32. Rxd5 a6 33. Nbc3 Rc1 34.
Ne2 Ra1 35. g3 b5 36. Kg2 b4 37. Ne3 Kf8 38. Kf3 g6 39. Nc2 b3 40. Nxa1 b2 41.
Rd1 b1=Q 42. Rxb1 Rxb1 43. Nc2 Rb2 44. Ncd4 Ke7 45. Ke3 Kd7 46. Kd3 Rb1 47. f4
Rb8 48. g4 a5 49. f5 gxf5 50. gxf5 a4 51. e6+ fxe6 52. fxe6+ Kd6 53. e7 Kd7 54.
Nc3 a3 55. Nc2 Ra8 56. Na2 Kxe7 57. Kc3 h5 58. Kb3 h4 59. Nxa3 Rg8 60. Nc4 Rg2
{Diagram [#]} 61. Nc1 $2 (61. Ne3 Rxh2 (61... h3 62. Nd5+ Kd6 63. Nf4 Rxh2 64.
Nxh3 $11) 62. Nf5+ Ke6 63. Nxh4 $11) 61... Rxh2 62. Ne5 $2 (62. Nd3 $17) 62...
Rh1 (62... Rg2 $1) 63. Kc2 (63. Ncd3) 63... h3 64. Nf3 $2 (64. Ncd3) 64... Rf1
$1 0-1

[Event "Mechanics' Winter TNM; G/2"]
[Site "San Francisco"]
[Date "2017.01.31"]
[Round "5.29"]
[White "McEnroe, Glenn"]
[Black "Sherwood, Peter"]
[Result "1-0"]
[WhiteElo "1528"]
[BlackElo "1703"]
[Annotator "Donaldson"]
[PlyCount "79"]
[EventDate "2017.??.??"]

1. e4 e6 2. d4 d5 3. e5 c5 4. c3 Nc6 5. Nf3 Qb6 6. Bd3 Bd7 7. O-O cxd4 8. cxd4
Nge7 $6 (8... Nxd4 {is the main line and the most principled choice. Now White
gets a space advantage without having to part with a pawn.} 9. Be3 (9. Nxd4
Qxd4 10. Nc3 a6 (10... Qxe5 11. Re1 Qb8 12. Nxd5 Bd6)) 9... Nxf3+ 10. Qxf3 Qd8)
9. Re1 (9. Nc3 Nxd4 10. Nxd4 Qxd4 11. Nb5 Qxe5 12. Re1 Qb8 13. Qf3 {
gives White a dangerous initiative for the sacrificed pawns.}) 9... Nf5 (9...
Nxd4 10. Nxd4 Qxd4 11. Nc3 a6) 10. Bxf5 exf5 11. Nc3 Be6 12. a3 Be7 13. b4 O-O
14. Ne2 Qd8 (14... a5 $1 {gets Black's play going on the queenside.}) 15. Nf4
Rc8 16. Bb2 Qb6 17. Qd2 a5 $1 18. bxa5 Nxa5 19. Rab1 Nc4 20. Qe2 Qa5 21. Bc1
Rc7 22. h4 h6 23. Nd2 Qa6 (23... Bxh4) 24. g3 Rfc8 25. Qf3 Qc6 26. Qb3 Bf8 (
26... Ra8) 27. a4 Qa6 (27... Na5) (27... Ra8) 28. Qb5 Qxb5 29. Rxb5 $2 {
Diagram [#]} (29. axb5) 29... Rd8 $2 (29... Nxe5 $1 30. dxe5 Rxc1) 30. Nxc4
Rxc4 31. Be3 Rxa4 (31... Rc7 32. Reb1 Rdd7 33. Rb6 Re7 34. R1b5) 32. Rxb7 Rb4
33. Rc7 Rc4 34. Ra7 Rd7 $2 35. Rxd7 Bxd7 36. Nxd5 Be6 37. Nb6 $1 Rc3 38. d5 Bc8
39. d6 Be6 40. Rd1 1-0

[Event "Mechanics' Winter TNM; G/2"]
[Site "San Francisco"]
[Date "2017.01.03"]
[Round "1.7"]
[White "McEnroe, Glenn"]
[Black "Traub, Igor Vladim"]
[Result "0-1"]
[WhiteElo "1528"]
[BlackElo "2163"]
[PlyCount "106"]
[EventDate "2017.??.??"]

1. e4 d5 2. exd5 Nf6 3. d4 Nxd5 4. Nf3 g6 5. Bb5+ c6 6. Be2 Bg7 7. c3 h6 8. O-O
O-O 9. Nbd2 Nd7 10. Re1 Qc7 11. Nf1 Kh7 12. Ne3 Nf4 13. Bf1 a5 14. Ng4 Nf6 15.
Nge5 N4d5 16. h3 b5 17. a3 Nh5 18. Bd3 Nhf4 19. Bxf4 Nxf4 20. Bf1 f6 21. Nd3
Ne6 22. Qe2 Re8 23. Qc2 c5 24. dxc5 Nxc5 25. Nxc5 Qxc5 26. Qe4 Rb8 27. Qd4 Qc7
28. Rad1 e5 29. Qd6 Qxd6 30. Rxd6 b4 31. cxb4 axb4 32. a4 Be6 33. Bb5 Bf8 34.
Rc6 Bg7 35. Rc7 Red8 36. Rec1 e4 37. Re1 f5 38. Ne5 Bd5 39. Nd7 Ra8 40. Nf6+
Kh8 41. Nxd5 Rxd5 42. b3 Rad8 43. g3 Rd2 44. a5 Ra2 45. a6 Rdd2 46. Rc8+ Kh7
47. Rc7 Rxf2 48. Bf1 Rf3 49. a7 Rxg3+ 50. Kh1 h5 51. Re2 Ra1 52. Kh2 Rxb3 53.
Bg2 Kh6 0-1

[Event "Mechanics' Fall TNM; G/2 d5"]
[Site "San Francisco"]
[Date "2017.10.31"]
[Round "2.19"]
[White "McEnroe, Glenn"]
[Black "Whitehead, Paul"]
[Result "0-1"]
[WhiteElo "1500"]
[BlackElo "2352"]
[Annotator "Donaldson"]
[PlyCount "126"]
[EventDate "2017.??.??"]

1. e4 c5 2. c3 g6 3. Nf3 (3. d4 cxd4 4. cxd4 d5 5. exd5 Nf6 6. Bb5+ Nbd7 7. Nc3
Bg7 8. d6 exd6 9. Qe2+ Qe7 10. Bf4 Qxe2+ 11. Bxe2 $1 Ke7 12. Bf3 Nb6 13. Nge2)
3... Bg7 (3... d5 4. exd5 Qxd5 5. d4 cxd4 6. cxd4 Bg7 7. Be3 Nh6 $4 8. Qc1) 4.
d4 cxd4 5. cxd4 d5 6. exd5 Nf6 7. Nc3 (7. Bb5+ Nbd7 8. d6 exd6 9. Qe2+ Qe7 10.
Bf4 Qxe2+ 11. Bxe2 Ke7 12. Nc3 Nb6 13. O-O) 7... Nxd5 (7... O-O 8. Bc4 Nbd7 9.
O-O Nb6 10. Bb3 Nbxd5) 8. Bc4 Nb6 (8... Nxc3 9. bxc3 Qc7 $5) 9. Bb3 O-O (9...
Nc6 10. d5 Na5 11. O-O Bg4 12. h3 Bxf3 13. Qxf3 Nxb3 14. axb3 Bxc3 15. Qxc3 f6
16. Qd4 Nxd5 (16... Qxd5 17. Qxb6) 17. Rxa7 Rxa7 18. Qxa7 Qc8 {
is an old idea of Commons.}) 10. O-O Bg4 (10... Nc6) 11. d5 {
the most challenging try.} (11. h3) (11. Be3) 11... N8d7 12. h3 Bxf3 13. Qxf3
Nc5 (13... Rc8) (13... Nc8) 14. Bc2 $6 (14. Rd1) (14. Bg5) (14. Re1) 14... Rc8
15. Rd1 Nc4 16. Bb3 Nd6 17. Bf4 a6 18. Rac1 Qb6 (18... Nxb3 19. axb3 Qb6) 19.
Be3 Qb4 20. Bxc5 Qxc5 (20... Rxc5) 21. Ne2 Qb4 22. Rxc8 Rxc8 23. Rb1 Qd2 24.
Qe3 Qxe3 25. fxe3 Ne4 26. Rc1 Rxc1+ 27. Nxc1 Bxb2 (27... Bh6) 28. Nd3 Ba3 29.
Kf1 Kf8 (29... Nd2+ 30. Ke2 Nxb3 31. axb3 Bd6) (29... a5 $5) 30. Ke2 Ke8 31.
Nf2 Nd6 32. Kd3 f6 33. Ne4 Nf7 34. Kd4 Kd7 35. Nc5+ $2 {
Diagram [#] This makes Black's job easier.} Bxc5+ $1 36. Kxc5 Kc7 37. Kd4 Kd6
38. e4 Ne5 39. Bc2 g5 40. Bb3 Ng6 41. g3 h5 42. Bd1 h4 43. gxh4 Nxh4 44. Bg4
Ng2 45. Bc8 Kc7 46. Bf5 Nh4 47. Bg4 Ng6 48. Bf5 Ne5 49. a3 b6 50. Be6 Kd6 51.
Bf5 Nf3+ 52. Ke3 Ne1 53. Kd2 Ng2 54. Kd3 Kc5 55. Bd7 b5 56. Kc3 a5 57. Be8 b4+
58. axb4+ axb4+ 59. Kb3 Nf4 60. Bd7 Ne2 61. Bf5 Nd4+ 62. Kb2 Nxf5 63. exf5 Kxd5
0-1

[Event "Mechanics' Winter TNM; G/2"]
[Site "San Francisco"]
[Date "2017.01.31"]
[Round "5.34"]
[White "McKellar, Daniel"]
[Black "Erdenebileg, Erkhe"]
[Result "1/2-1/2"]
[WhiteElo "1770"]
[BlackElo "1412"]
[PlyCount "68"]
[EventDate "2017.??.??"]

1. e4 e5 2. f4 exf4 3. Nf3 Nc6 4. d4 d5 5. e5 Bg4 6. c3 Qd7 7. Bxf4 a6 8. Bd3
O-O-O 9. O-O f6 10. Qe1 Re8 11. Nbd2 Be7 12. Qg3 fxe5 13. Bxe5 Bf6 14. Rae1
Bxe5 15. Nxe5 Nxe5 16. Rxe5 Rxe5 17. dxe5 Nh6 18. h3 Be6 19. Nb3 Nf5 20. Bxf5
Bxf5 21. Nd4 Bg6 22. Qg5 Re8 23. e6 Qd6 24. Rf7 Bxf7 25. exf7 Rf8 26. Qxg7 Qe7
27. Ne6 Rxf7 28. Qg8+ Kd7 29. Nd4 Rg7 30. Qxd5+ Qd6 31. Qf5+ Ke8 32. Qc8+ Kf7
33. Qf5+ Ke8 34. Qc8+ Kf7 1/2-1/2

[Event "Mechanics' Spring TNM; G/2"]
[Site "San Francisco"]
[Date "2017.03.21"]
[Round "2.12"]
[White "McKellar, Daniel"]
[Black "Gaffagan, Steven"]
[Result "0-1"]
[WhiteElo "1744"]
[BlackElo "2061"]
[PlyCount "98"]
[EventDate "2017.??.??"]

1. d4 Nf6 2. c4 g6 3. g3 Bg7 4. Bg2 O-O 5. Nf3 c6 6. Nc3 d5 7. O-O Ne4 8. Nxe4
dxe4 9. Ng5 Qxd4 10. Qxd4 Bxd4 11. Rd1 Bg7 12. Bxe4 Na6 13. Rb1 Nc5 14. Bc2 h6
15. Be3 hxg5 16. Bxc5 Bf6 17. Kg2 Be6 18. b3 Kg7 19. Be4 Rh8 20. f3 Rh5 21. Bd4
Rah8 22. Bxf6+ Kxf6 23. Rh1 Ke5 24. Rbd1 f5 25. Bb1 c5 26. e4 f4 27. g4 Rh3 28.
Rd2 b6 29. Rdd1 R3h4 30. h3 R4h7 31. Bc2 Rc8 32. Rd2 Rch8 33. Rdd1 Rc8 34. Rd2
Rc6 35. Rhd1 Rd6 36. Rxd6 exd6 37. Bb1 a6 38. Bd3 Rb7 39. h4 gxh4 40. Bf1 b5
41. Kh3 g5 42. Be2 Rb6 43. Bf1 b4 44. Be2 a5 45. Bf1 a4 46. bxa4 Ra6 47. Rd2
Rxa4 48. Be2 Ra3 49. Bf1 Rxf3+ 0-1

[Event "Mechanics' Summer TNM; G/2 d5"]
[Site "San Francisco"]
[Date "2017.07.18"]
[Round "8.6"]
[White "McKellar, Daniel"]
[Black "Goins, Demetrius"]
[Result "0-1"]
[WhiteElo "1740"]
[BlackElo "2139"]
[Annotator "Donaldson"]
[PlyCount "112"]
[EventDate "2017.??.??"]

1. d4 d5 2. c4 dxc4 3. Nf3 Nf6 4. Nc3 Bf5 $6 (4... a6) (4... c6) 5. e3 e6 6.
Bxc4 c6 7. O-O Bd6 8. Re1 (8. Qe2 $1 {
White has a Slav but without having to play a2-a4.}) 8... Ne4 9. Bd3 $1 Nxc3
10. bxc3 O-O 11. e4 Bg6 12. Bg5 Be7 13. Bxe7 Qxe7 14. Ne5 (14. Rb1 $1 {
Making ...Nd7 impossible.}) 14... Nd7 15. Nxg6 hxg6 16. Rb1 b6 17. e5 c5 18.
Be4 Rac8 19. Qa4 Rc7 20. Rbd1 cxd4 21. cxd4 Rfc8 22. Bf3 Nf8 23. d5 exd5 24.
Bxd5 $11 Ne6 25. Qg4 Re8 26. Re3 Rd7 27. Red3 Red8 28. Bc4 Rxd3 29. Rxd3 Rxd3
30. Bxd3 Qa3 31. Qc4 Qa5 32. g3 $2 (32. Qa6 Qe1+ 33. Bf1 $11) 32... Qxe5 33.
Kg2 Qc7 34. a4 Qxc4 35. Bxc4 Nc5 36. Bb5 f6 37. Kf3 Kf7 38. Ke3 Ke6 39. Kd4 g5
40. g4 Kd6 41. h3 Ke6 42. Bc4+ Kd6 43. Bb5 Ne6+ 44. Kc3 Ke5 45. Kd2 Kd4 46. f3
Nc7 47. Bd7 a6 48. Bc6 Kc5 49. Bd7 Nd5 50. Be6 Nf4 51. Bd7 Nxh3 52. Bc8 a5 53.
Kc3 b5 54. axb5 Kxb5 55. Bd7+ Kc5 56. Bc8 Nf4 0-1

[Event "Mechanics' Peter Grey TNM; G/2 d5"]
[Site "San Francisco"]
[Date "2017.08.22"]
[Round "3.27"]
[White "McKellar, Daniel"]
[Black "Greene, Sam"]
[Result "1-0"]
[WhiteElo "1820"]
[BlackElo "1507"]
[Annotator "Donaldson"]
[PlyCount "85"]
[EventDate "2017.??.??"]

1. c4 e6 2. d4 Nf6 3. Nc3 Bb4 4. Qc2 d5 5. Nf3 O-O 6. Bg5 Nbd7 7. e3 c6 8. Bd3
h6 9. Bh4 b6 10. Ne5 Bb7 11. Nxd7 Qxd7 12. Bxf6 gxf6 13. O-O Kg7 14. Ne2 Rh8
15. Nf4 h5 16. Qe2 Kf8 17. Nxh5 f5 18. Nf4 Ke7 19. cxd5 cxd5 20. Rac1 a6 21.
Rc2 Bd6 22. Rfc1 Qd8 23. g3 Kd7 24. a3 Qg8 25. Nh5 Qg5 26. Nf4 Qh6 27. f3 Rhg8
28. Kf1 Qf6 29. b4 Qg7 {Diagram [#]} 30. Bb5+ $5 Ke7 $2 (30... axb5 31. Qxb5+
Ke7 32. Rc7+ Bxc7 33. Rxc7+ Kf6 34. Rxb7 $16) 31. Bc6 Rgb8 32. Bxb7 Rxb7 33.
Nd3 f6 34. f4 Qg8 35. Rc6 Qd8 36. Qh5 Qg8 37. Kf2 Kd7 38. Nb2 Qg7 39. Qe2 Qh8
40. h4 Qg8 41. Na4 Qd8 42. Qc2 Raa7 43. Rc8 1-0

[Event "Mechanics' Fall TNM; G/2 d5"]
[Site "San Francisco"]
[Date "2017.11.14"]
[Round "4.28"]
[White "McKellar, Daniel"]
[Black "Harris, Clarence"]
[Result "1-0"]
[WhiteElo "1810"]
[BlackElo "1419"]
[PlyCount "51"]
[EventDate "2017.??.??"]

1. d4 Nf6 2. c4 e6 3. Nc3 Bb4 4. Qc2 b6 5. Bf4 Bb7 6. e3 Ne4 7. f3 Nf6 8. Bd3
d6 9. Nge2 Nbd7 10. Rd1 Qe7 11. O-O Nh5 12. Nb5 Ndf6 13. a3 Nxf4 14. Nxf4 a6
15. Nxc7+ Qxc7 16. axb4 Rc8 17. Rc1 O-O 18. c5 b5 19. Rfd1 Rfd8 20. Ne2 Nd5 21.
Qd2 Nf6 22. Nc3 Nd5 23. Ne4 dxc5 24. bxc5 Qe7 25. Nd6 Rc7 26. Nxb7 1-0

[Event "Mechanics' Summer TNM; G/2 d5"]
[Site "San Francisco"]
[Date "2017.06.13"]
[Round "4.28"]
[White "McKellar, Daniel"]
[Black "Holderness, Benjam"]
[Result "1-0"]
[WhiteElo "1740"]
[BlackElo "1179"]
[PlyCount "59"]
[EventDate "2017.??.??"]

1. e4 e5 2. f4 exf4 3. Nf3 d6 4. d4 Nf6 5. Nc3 Be7 6. Bc4 O-O 7. e5 dxe5 8.
Nxe5 Nfd7 9. Bxf4 Nxe5 10. Bxe5 Bf6 11. Qh5 Bxe5 12. dxe5 c6 13. Bd3 h6 14.
O-O-O Qg5+ 15. Qxg5 hxg5 16. Ne4 f6 17. Bc4+ Kh8 18. Rhf1 Nd7 19. e6 Ne5 20.
Bb3 Re8 21. Nd6 Re7 22. Nf5 Re8 23. Rd6 b5 24. Rfd1 c5 25. Rd8 Bb7 26. Rxa8
Bxa8 27. e7 c4 28. Rd8 Bc6 29. Nd6 cxb3 30. axb3 1-0

[Event "Mechanics' Spring TNM; G/2"]
[Site "San Francisco"]
[Date "2017.04.04"]
[Round "4.12"]
[White "McKellar, Daniel"]
[Black "Krasnov, Steven"]
[Result "0-1"]
[WhiteElo "1744"]
[BlackElo "2043"]
[Annotator "Donaldson"]
[PlyCount "102"]
[EventDate "2017.??.??"]

1. d4 Nf6 2. c4 g6 3. g3 Bg7 4. Bg2 O-O 5. Nf3 d6 6. O-O c6 7. Nc3 Nbd7 8. Re1
Qc7 9. Qc2 e5 10. e4 Re8 11. h3 h6 12. Be3 a5 13. Rac1 Kh7 14. Kh2 Nf8 15. dxe5
dxe5 {Diagram [#]} 16. Nd2 (16. Red1 Ne6 17. c5 $1 {
followed by Nd2-c4 with a large advantage.}) 16... Ne6 17. Ne2 c5 18. f4 Nh5
19. f5 Nd4 20. Nxd4 exd4 21. Bf2 Be5 22. Qd3 Ra6 23. Nf1 Rg8 24. Bf3 Ng7 25.
Bg4 h5 26. fxg6+ Rxg6 27. Bxc8 Rxc8 28. h4 Qe7 29. Kh1 Qe6 30. Kg2 Qg4 31. Qf3
Qe6 32. b3 Rg8 33. Rcd1 Qe7 34. Kh3 Rg4 35. Rd3 Qe6 36. Kg2 Qg6 37. Kh3 Qe6 38.
Kg2 f6 39. Nh2 Rg6 40. Nf1 Rh8 41. Nh2 Kg8 42. Nf1 Kf7 43. Nh2 Ke7 44. Re2 Rg8
45. Re1 Qf7 46. Re2 Ne6 47. Kh3 Rg4 48. Qf5 Nf4+ 49. gxf4 Rxf4 50. Qxf4 Bxf4
51. Rf3 Qe6+ 0-1